000
00287nam a22001337a 4500
003
SGT
082
_a
540,MAD
100
_a
MADAN R. L.
245
_a
CHEMISTRY FOR DEGREE STUDENTS
260
_a
NEW DELHI
_b
S. CHAND
_c
2016
300
_a
1142
650
_a
CHEMISRY
942
_2
ddc
_c
FPS
_0
41
999
_c
10064
_d
10064